Iconic Albums of the 1960s (by month) - Statistics

General Stats
  • This quiz has been taken 8 times
  • The average score is 78 of 120
Answer Stats
Year Month Hint Answer % Correct
1962 March ___ _____ Bob Dylan
100%
1963 May The Freewheelin' ___ _____ Bob Dylan
100%
1964 February The Times They Are a-Changin' Bob Dylan
100%
1964 August Another Side of ___ _____ Bob Dylan
100%
1965 April Bringing It All Back Home Bob Dylan
100%
1966 June Blonde On Blonde Bob Dylan
100%
1969 April Nashville Skyline Bob Dylan
100%
1960 April _____ Is Back! Elvis Presley
100%
1960 November His Hand In Mine Elvis Presley
100%
1961 June Something For Everybody Elvis Presley
100%
1961 October Blue Hawaii Elvis Presley
100%
1962 May Pot Luck Elvis Presley
100%
1969 June From _____ In Memphis Elvis Presley
100%
1966 January Sounds Of Silence Simon & Garfunkel
100%
1966 October Parsley, Sage, Rosemary And Thyme Simon & Garfunkel
100%
1968 April Bookends Simon & Garfunkel
100%
1962 October Surfin' Safari The Beach Boys
100%
1963 September Surfer Girl The Beach Boys
100%
1963 October Little Deuce Coupe The Beach Boys
100%
1965 March ___ _____ ____ Today! The Beach Boys
100%
1966 May Pet Sounds The Beach Boys
100%
1963 March Please Please Me The Beatles
100%
1963 November With The _______ The Beatles
100%
1964 Juy A Hard Day's Night The Beatles
100%
1964 December _______ For Sale The Beatles
100%
1965 August Help! The Beatles
100%
1965 December Rubber Soul The Beatles
100%
1966 August Revolver The Beatles
100%
1967 May Sgt. Pepper’s Lonely Hearts Club Band The Beatles
100%
1967 November Magical Mystery Tour The Beatles
100%
1968 November ___ _______ The Beatles
100%
1969 September Abbey Road The Beatles
100%
1967 December Axis: Bold As Love The Jimi Hendrix Experience
100%
1968 October Electric Ladyland The Jimi Hendrix Experience
100%
1964 April ___ _______ ______ The Rolling Stones
100%
1965 July Out Of Our Heads The Rolling Stones
100%
1966 April Aftermath The Rolling Stones
100%
1968 December Beggars Banquet The Rolling Stones
100%
1969 December Let It Bleed The Rolling Stones
100%
1968 January Lady Soul Aretha Franklin
83%
1968 March Reflections Diana Ross & The Supremes
83%
1960 February Giant Steps John Coltrane
83%
1961 March My Favorite Things John Coltrane
83%
1961 November Olé ________ John Coltrane
83%
1965 January A Love Supreme John Coltrane
83%
1965 May Bahia John Coltrane
83%
1965 February Orange Blossom Special Johnny Cash
83%
1968 May At Folsom Prison Johnny Cash
83%
1965 September ____ Blue Otis Redding
83%
1968 February The Dock Of The Bay Otis Redding
83%
1967 August The Piper At The Gates Of Dawn Pink Floyd
83%
1962 December Meet The ________ The Supremes
83%
1967 April Happy Together The Turtles
83%
1967 March ___ ______ ___________ & Nico The Velvet Underground
83%
1969 March ___ ______ ___________ The Velvet Underground
83%
1969 May Tommy The Who
83%
1969 August Green River Creedence Clearwater Revival
67%
1969 November Willy And The Poor Boys Creedence Clearwater Revival
67%
1968 June In-A-Gadda-Da-Vida Iron Butterfly
67%
1967 February Surrealistic Pillow Jefferson Airplane
67%
1969 January ___ ________ Led Zeppelin
67%
1969 October ___ ________ II Led Zeppelin
67%
1963 January That Stubborn Kinda Fellow Marvin Gaye
67%
1969 February Kick Out The Jams MC5
67%
1966 March Boots Nancy Sinatra
67%
1965 October Pastel Blues Nina Simone
67%
1966 September Wild Is The Wind Nina Simone
67%
1960 September The Genius His the Road Ray Charles
67%
1962 April Modern Sounds In Country and Western Music Ray Charles
67%
1965 June Mr. Tambourine Man The Byrds
67%
1966 July Fifth Dimension The Byrds
67%
1967 January ___ _____ The Doors
67%
1967 September Strange Days The Doors
67%
1962 September Sherry & 11 Others The Four Seasons
67%
1962 February ___ _. ____ Sings For Soulful Lovers Ben E. King
50%
1962 August Don't Play That Song! Ben E. King
50%
1967 June Safe As Milk Captain Beefheart
50%
1961 December Someday My Prince Will Come Miles Davis
50%
1969 July Five Leaves Left Nick Drake
50%
1960 May _____'s Tour Sam Cooke
50%
1963 August Night Beat Sam Cooke
50%
1968 September Life Sly & The Family Stone
50%
1964 September ___ _______ The Animals
50%
1968 July Music From Big Pink The Band
50%
1964 October ___ _____ The Kinks
50%
1966 February If You Can Believe Your Eyes And Ears The Mamas & The Papas
50%
1962 July I'll Try Something New The Miracles
50%
1963 February The Fabulous ________ The Miracles
50%
1965 November Having A Rave Up With ___ _________ The Yardbirds
50%
1962 June I Left My Heart In San Francisco Tony Bennett
50%
1967 October Easter Everywhere 13th Floor Elevators
33%
1967 July ___ ____ 1st Bee Gees
33%
1968 August Cheap Thrills Big Brother & The Holding Company
33%
1960 July Rockin' at the Hops Chuck Berry
33%
1966 December Fresh _____ Cream
33%
1966 November Da Capo Love
33%
1960 June _____ ______ Sings "Big Bill" Muddy Waters
33%
1962 January Crying Roy Orbison
33%
1963 July In Dreams Roy Orbison
33%
1961 July Blue Moon The Marcels
33%
1960 December Walk, Don't Run The Ventures
33%
1960 January This Is _____ Bobby Darin
17%
1961 February The Soul of ___ & ____ ______ Ike & Tina Turner
17%
1963 June It's Gonna Work Out Fine Ike & Tina Turner
17%
1961 August The Blues and the Abstract Truth Oliver Nelson
17%
1961 May ___ Is 21 Ricky Nelson
17%
1960 October A Date With the ______ _______ The Everly Brothers
17%
1964 November Presenting the Fabulous ________ The Ronettes
17%
1961 January Two Steps From the Blues Bobby Bland
0%
1960 August ______ ___ Brenda Lee
0%
1961 April Emotions Brenda Lee
0%
1960 March Blues & Roots Charles Mingus
0%
1962 November Surfer's Choice Dick Dale
0%
1964 January Irish Songs, Country Style Hank Locklin
0%
1964 June Before I'm Over You Loretta Lynn
0%
1963 April Night Life Ray Price
0%
1964 May _____ and Out Roger Miller
0%
1964 March ____/________ Stan Getz & Joäo Gilberto
0%
1963 December The ________ In Person The Kingsmen
0%
1961 September ___ _______ The Shadows
0%
No matching quizzes found
Score Distribution
Percent of People with Each Score
Percentile by Number Answered
Your Score History
You have not taken this quiz